TEXTBOOK OF PEDIATRIC NURSING (Record no. 97428)

MARC details
000 -LEADER
fixed length control field 00283 a2200109 4500
020 ## - INTERNATIONAL STANDARD BOOK NUMBER
International Standard Book Number 9788194440031
100 ## - MAIN ENTRY--PERSONAL NAME
Personal name SOUMYA KURIAN
9 (RLIN) 119060
245 ## - TITLE STATEMENT
Title TEXTBOOK OF PEDIATRIC NURSING
250 ## - EDITION STATEMENT
Edition statement 2ND
260 ## - PUBLICATION, DISTRIBUTION, ETC. (IMPRINT)
Name of publisher, distributor, etc. EMMESS MEDICAL PUBLISHERS
Date of publication, distribution, etc. 2020
650 ## - SUBJECT ADDED ENTRY--TOPICAL TERM
Topical term or geographic name as entry element CHILD HEALTH NURSING
9 (RLIN) 181697
Holdings
Withdrawn status Lost status Source of classification or shelving scheme Damaged status Not for loan Home library Current library Date acquired Vendor Cost, normal purchase price Total Checkouts Total Renewals Full call number Barcode Checked out Date last seen Date last checked out Cost, replacement price Bill Date Koha item type Original Barcode
    Dewey Decimal Classification     Sitabai Nargundkar College of Nursing Nagpur Sitabai Nargundkar College of Nursing Nagpur 07/12/2022 31 731.50 12 1 616.7368/KUR SNCN-BK-3077 30/05/2026 15/05/2026 15/05/2026 950.00 31/01/2023 Books 3077